Visiones de Guadalajara : en homenaje a Jorge Dipp /

Guardat en:
Dades bibliogràfiques
Autor principal: Calvo, Thomas (autor)
Altres autors: Connaughton Hanley, Brian Francis (autor) (autor), Jiménez Pelayo, Agueda (autor) (autor), Murià, José María (presentación) (presentación), Varela, Enrique (presentación) (presentación)
Format: Llibre
Idioma:espanyol
Publicat: Guadalajara, México : El Colegio de Jalisco, 1996, c1996
Col·lecció:(Ensayos Jaliscienses)
Matèries:
Etiquetes: Afegir etiqueta
Sense etiquetes, Sigues el primer a etiquetar aquest registre!

MARC

LEADER 00000nam^a2200000^a^4500
001 000314944
005 20250521000000.0
009 20260310113230.967
020 |a 968-6142-63-0 
037 |a Acervo Xavier Clavigero 
041 |a ESP 
082 |a 972. 352  |b CAL 
100 |a Calvo, Thomas  |e (autor) 
245 1 0 |a Visiones de Guadalajara :  |b en homenaje a Jorge Dipp /  |c T. Calvo, B.C. Connaughton, A. Jiménez Pelayo ; presen. de J.M. Murià, E. Varela. 
264 4 |a Guadalajara, México :  |b El Colegio de Jalisco,  |c 1996, c1996 
300 |a 62 p. 
336 |a texto  |b txt  |2 rdacontenido 
337 |a sin mediación  |b n  |2 rdamedio 
338 |a volumen  |b nc  |2 rdasoporte 
440 1 |a (Ensayos Jaliscienses) 
649 |a XX 
650 |a Guadalajara, Jalisco -  |x Historia -  |x Tema Principal 
650 |a Jalisco -  |x Historia 
650 |a México -  |x Historia 
700 |a Connaughton Hanley, Brian Francis  |e (autor) 
700 |a Jiménez Pelayo, Agueda  |e (autor) 
700 |a Murià, José María  |e (presentación) 
700 |a Varela, Enrique  |e (presentación) 
910 |a Fondo General 
920 |a Impresos - Libros 
930 |a Colección General 
905 |a 101 
901 |a 057188  |b IT1  |c ACC  |u 20250521 
902 |a https://opac.biblio.iteso.mx/vufind/Record/000314944